000 00295nam a22001337a 4500
008 170809b xxu||||| |||| 00| 0 eng d
020 _a9780205687343
041 _aeng
080 _22ND
_a004
100 _a35
101 _aSHK
245 _aQUICK ACCESS COMPACT
_cTROYKA,L.Q
942 _2udc
_cBK
999 _c23062
_d23062